000
00225nam a2200109Ia 4500
100
_a
#N/A
942
_c
BK
654
_a
power builder 5
245
_a
Powor Builder 5 - A Developers Guide
260
_b
#N/A
546
_a
ENGLISH
999
_c
23770
_d
23770